| 000 | 00685cam a22002415a 4500 | ||
|---|---|---|---|
| 001 | 60668 | ||
| 003 | CO-BoRNBP | ||
| 005 | 20260312195343.0 | ||
| 007 | ta | ||
| 008 | 111219s2011 ck a gr 000 c spa | ||
| 040 |
_aCO-BoBN _bspa _cCO-BoBN |
||
| 082 | 0 | 4 |
_a741.5 _223 |
| 084 | _aNG DET | ||
| 245 | 0 | 4 | _aLos detectives de radiónica |
| 250 | _a1a. edición | ||
| 300 |
_a[44] p. : _bprincipalmente il. ; _c22 cm + _e1 CD |
||
| 336 |
_2rdacontent _atexto _btxt |
||
| 337 |
_2rdamedia _asin mediación _bn |
||
| 338 |
_2rdacarrier _avolumen _bnc |
||
| 650 | 1 | 4 |
_aTiras cómicas, historietas, etc. _2LEMB |
| 942 |
_2ddc _cBK |
||
| 990 |
_a2011-9498 _bRadio Televisión Nacional de Colombia |
||
| 999 |
_c60668 _d60668 |
||